Guess Every 2022-2023 Draft Pick - Statistics

General Stats
  • This quiz has been taken 5 times
  • The average score is 22 of 32
Answer Stats
Hint Answer % Correct
(2) Lions DE Michigan Aidan Hutchinson
100%
(11) Saints WR Ohio State Chris Olave
100%
(8) Falcons WR USC Drake London
100%
(10) Jets WR Ohio State Garrett Wilson
100%
(13) Eagles DT Georgia Jordan Davis
100%
(20) Steelers QB Pittsburg Kenny Pickett
100%
(22) Packers LB Georgia Quay Walker
100%
(4) Jets DB Cincinnati Sauce Gardner
100%
(1) Jaguars DE Georgia Travon Walker
100%
(9) Seahawks OT Mississippi State Charles Cross
80%
(7) Giants OT Alabama Evan Neal
80%
(16) Commanders WR Penn State Jahan Dotson
80%
(12) Lions WR Alabama Jameson Williams
80%
(26) Jets DE Florida State Jermaine Johnson
80%
(5) Giants EDGE Oregon Kayvon Thibodeaux
80%
(18) Titans WR Arkansas Treylon Burks
80%
(24) Cowboys OT Tusla Tyler Smith
80%
(17) Chargers OL Boston College Zion Johnson
80%
(3) Texans DB LSU Derek Stingley
60%
(6) Panthers OT NC State Ikem Ekwonu
60%
(23) Bills DB Florida Kaiir Elam
60%
(14) Ravens DB Notre Dame Kyle Hamilton
60%
(29) Patriots OL Tennessee-Chattanooga Cole Strange
40%
(27) Jaguars LB Utah Devin Loyd
40%
(28) Packers DT Georgia Devonte Wyatt
40%
(30) Chiefs Edge Purdue George Karlaftis
40%
(15) Texans OL Texas A&M Kenyon Green
40%
(21) Chiefs DB Washington Trent McDuffie
40%
(19) Saints OT Northern Iowa Trevor Penning
40%
(25) Ravens OL Iowa Tyler Linderbaum
40%
(31) Bengals DB Michigan Daxton Hill
20%
(32) Vikings DB Georgia Lewis Cine
20%
No matching quizzes found
Score Distribution
Percent of People with Each Score
Percentile by Number Answered
Your Score History
You have not taken this quiz